000
00257nam a22001097a 4500
082
_a
070.4
100
_a
S.M.Shahid
245
_a
Mutalia e Sahafat (Dastan o tanazrat sahafat)
260
_a
Lahore
_b
Publisher emporium
_c
1999
300
_a
359p
942
_c
BK
999
_c
2791
_d
2791